000 00616nam a2200193Ia 4500
008 130821s1995 ck gr spa
020 _a9789582402846
040 _aCo-BoUCM
_bspa
041 0 0 _aspa
100 1 _aJaramillo Agudelo, Dario
_d1947-
_995852
245 1 0 _aCartas cruzadas
_cDario Jaramillo Agudelo
260 _aBogotá (Colombia)
_bAlfaguara
_c1995
300 _a591 páginas
650 _aCartas de amor
_vNovela
_910538
650 _aLiteratura colombiana
_918629
650 _aProsa colombiana
_922605
942 _cLIBRO
_a18
_e1
_kC
_mJ371c
_2DEWEY
_h866.44
999 _c74143
_d74143